000 00367nam a2200157Ia 4500
008 230917s9999||||xx |||||||||||||| ||und||
040 _e109218
_aMAIN
041 _aEnglish
082 _a621 S84E
100 _aSatya Prakash
245 0 _aEngineering Physics
250 _a4th ed.
260 _aMeerut
_bPragati Prakashan
300 _axvi, 484 p.
942 _cBK
999 _c129566
_d129566